[Event "DSM WK M 2012"]
[Site "Karlsruhe GER"]
[Date "2012.05.04"]
[Round "1"]
[White "Schmieder, Michelle"]
[Black "Brandl, Lea Maria"]
[Result "1/2-1/2"]
[Termination "normal"]
[Board "1.1"]
[WhiteElo "1210"]
[BlackElo "1712"]
[WhiteTeam "Clemens-Winkler-Gymnasium Aue"]
[BlackTeam "Marienschule Limburg"]
[PlyCount "98"]
[BlackFideId "24693049"]
[EventCountry "GER"]
[EventRounds "7"]
[EventType "team-swiss"]
[EventDate "2012.05.03"]

1. e4 c5 2. Nf3 d6 3. d4 cxd4 4. Nxd4 Nf6 5. Nc3 a6 6. Be3 e5 7. Nf3 Be7 8. Bc4
Be6 9. Bd5 Nc6 10. Ng5 Qd7 11. Qd2 O-O 12. f4 exf4 13. Bxf4 Ne5 14. O-O-O Rfd8
15. h3 Rac8 16. Nxe6 fxe6 17. Bb3 b5 18. Qe2 Nf7 19. e5 d5 20. exf6 Bxf6 21.
Nxd5 exd5 22. Rxd5 Qe7 23. Rxd8+ Qxd8 24. Rd1 Qe8 25. Re1 Qxe2 26. Rxe2 Rd8 27.
g4 g5 28. Bc7 Rd7 29. Ba5 Kg7 30. a4 bxa4 31. Bxa4 Rb7 32. b3 Rb8 33. Bc6 h6
34. b4 Bc3 35. Re4 Rf8 36. Re3 Bd4 37. Re1 Bc3 38. Rd1 Ne5 39. Bb7 Nc4 40. Bxa6
Nxa5 41. bxa5 Bxa5 42. c4 Rf7 43. c5 Rc7 44. Kb2 Rxc5 45. Rd7+ Kf6 46. Rd6+ Kg7
47. Rd1 Rc7 48. Rh1 Bc3+ 49. Kb3 Bf6 1/2-1/2

[Event "DSM WK M 2012"]
[Site "Karlsruhe GER"]
[Date "2012.05.04"]
[Round "1"]
[White "Liez, Tatjana"]
[Black "Kluge, Leyla"]
[Result "1-0"]
[Termination "normal"]
[Board "1.2"]
[WhiteElo "1500"]
[BlackElo "1372"]
[WhiteTeam "Marienschule Limburg"]
[BlackTeam "Clemens-Winkler-Gymnasium Aue"]
[PlyCount "75"]
[WhiteFideId "1271769"]
[BlackFideId "12918172"]
[EventCountry "GER"]
[EventRounds "7"]
[EventType "team-swiss"]
[EventDate "2012.05.03"]

1. e4 c5 2. Nf3 Nc6 3. d4 cxd4 4. Nxd4 g6 5. Be3 Bg7 6. Nc3 d6 7. Be2 Nf6 8.
O-O O-O 9. Qd2 Bd7 10. Rad1 a6 11. Qc1 Rc8 12. Bh6 b5 13. a3 Qc7 14. Bxg7 Kxg7
15. Nf3 Na5 16. h3 Nc4 17. Nd5 Nxd5 18. exd5 Nb6 19. Rd2 Qb7 20. Rfd1 Rc7 21.
c3 Rfc8 22. Rd4 Rc5 23. Rh4 h5 24. Rxh5 gxh5 25. Qg5+ Kh7 26. Qxh5+ Kg7 27.
Qg5+ Kh7 28. Rd4 Rc4 29. Bxc4 Rxc4 30. Qxe7 Bc6 31. Qh4+ Kg6 32. dxc6 Qxc6 33.
Qg5+ Kh7 34. Qf5+ Kg7 35. Ng5 Qe8 36. Qh7+ Kf6 37. Qh6+ Ke7 38. Qxd6# 1-0

[Event "DSM WK M 2012"]
[Site "Karlsruhe GER"]
[Date "2012.05.04"]
[Round "1"]
[White "Boden, Talitha"]
[Black "Schröder, Janina"]
[Result "0-1"]
[Termination "normal"]
[Board "1.3"]
[WhiteElo "964"]
[BlackElo "1315"]
[WhiteTeam "Clemens-Winkler-Gymnasium Aue"]
[BlackTeam "Marienschule Limburg"]
[PlyCount "62"]
[BlackFideId "24693138"]
[EventCountry "GER"]
[EventRounds "7"]
[EventType "team-swiss"]
[EventDate "2012.05.03"]

1. e4 e5 2. Nf3 Nc6 3. Nc3 Nf6 4. g3 Bb4 5. a3 Ba5 6. Bg2 O-O 7. O-O h6 8. Nd5
Nxe4 9. d3 Nf6 10. Ne3 Re8 11. Bd2 Bb6 12. Nc4 d5 13. Ne3 a6 14. Re1 Bd7 15. c4
Bc8 16. Bc3 d4 17. Bd2 dxe3 18. Bxe3 Bg4 19. Qc2 Bf5 20. Rad1 Qd6 21. d4 Bxc2
22. dxe5 Qe6 23. Rc1 Be4 24. exf6 Qxf6 25. Bf4 Qxb2 26. a4 Qxf2+ 27. Kh1 Bxf3
28. Rg1 Re2 29. h4 Bxg2+ 30. Kh2 Bf3+ 31. Kh3 Qh2# 0-1

[Event "DSM WK M 2012"]
[Site "Karlsruhe GER"]
[Date "2012.05.04"]
[Round "1"]
[White "Heinz, Michelle"]
[Black "Münzner, Jasmin"]
[Result "1-0"]
[Termination "normal"]
[Board "1.4"]
[WhiteElo "1234"]
[BlackElo "974"]
[WhiteTeam "Marienschule Limburg"]
[BlackTeam "Clemens-Winkler-Gymnasium Aue"]
[PlyCount "87"]
[WhiteFideId "1271782"]
[EventCountry "GER"]
[EventRounds "7"]
[EventType "team-swiss"]
[EventDate "2012.05.03"]

1. e4 c5 2. Nf3 e6 3. Nc3 a6 4. d4 cxd4 5. Nxd4 Qc7 6. Nf3 Nc6 7. g3 b6 8. a3
Bb7 9. Be3 Nf6 10. Bd3 g6 11. b4 Bg7 12. Qd2 a5 13. Nb5 Qb8 14. Bxb6 O-O 15.
Nc7 Rc8 16. Nxa8 Qxa8 17. Rb1 Ba6 18. b5 Bxb5 19. Rxb5 a4 20. Be3 Ne7 21. O-O
d5 22. exd5 Nexd5 23. Bh6 Ne7 24. Qf4 Nh5 25. Rxh5 gxh5 26. Bxg7 Kxg7 27. Ne5
Rf8 28. Qg5+ Ng6 29. Nd7 Rc8 30. Ne5 f6 31. Qxh5 fxe5 32. Qg4 Qc6 33. h4 Kf8
34. Rb1 Ne7 35. f3 Ke8 36. Bb5 Qxb5 37. Rxb5 Rxc2 38. Qxe6 Rc1+ 39. Kh2 Rc2+
40. Kh3 Kf8 41. Rb7 Rc7 42. Rxc7 h5 43. Qxe7+ Kg8 44. Qg7# 1-0

[Event "DSM WK M 2012"]
[Site "Karlsruhe GER"]
[Date "2012.05.04"]
[Round "1"]
[White "Berger, Nadja"]
[Black "Wiesner, Paula"]
[Result "1-0"]
[Termination "normal"]
[Board "2.1"]
[WhiteElo "1837"]
[BlackElo "1776"]
[WhiteTeam "Friedrich-Dessauer-Gymnasium Aschaffenburg"]
[BlackTeam "Goethe-Gymnasium Karlsruhe"]
[PlyCount "75"]
[WhiteFideId "24692212"]
[BlackFideId "24654019"]
[EventCountry "GER"]
[EventRounds "7"]
[EventType "team-swiss"]
[EventDate "2012.05.03"]

1. c4 e6 2. Nc3 d5 3. d4 Nf6 4. Bg5 Nbd7 5. e3 c6 6. Nf3 Qa5 7. Nd2 dxc4 8.
Bxf6 Nxf6 9. Nxc4 Qc7 10. Be2 Be7 11. Rb1 O-O 12. b4 Nd5 13. Nxd5 cxd5 14. Ne5
Bd6 15. Nf3 Bd7 16. O-O Rfc8 17. Bd3 Qc3 18. Qb3 Rc7 19. a3 Rac8 20. Qd1 h6 21.
Rb3 Qc6 22. Qb1 Qa4 23. Qb2 Bb5 24. Qb1 Qa6 25. Rd1 Qb6 26. Bxb5 Qxb5 27. Qd3
Qa4 28. Ne5 Bxe5 29. dxe5 Rc3 30. Rxc3 Rxc3 31. Qd2 Qxa3 32. e4 Qxb4 33. exd5
exd5 34. Qxd5 Qb3 35. Qd8+ Kh7 36. Qd7 Rc7 37. Qf5+ Kg8 38. Rd8# 1-0

[Event "DSM WK M 2012"]
[Site "Karlsruhe GER"]
[Date "2012.05.04"]
[Round "1"]
[White "Henke, Hanna"]
[Black "Schwind, Clara"]
[Result "0-1"]
[Termination "time forfeit"]
[Board "2.2"]
[WhiteElo "916"]
[BlackElo "1396"]
[WhiteTeam "Goethe-Gymnasium Karlsruhe"]
[BlackTeam "Friedrich-Dessauer-Gymnasium Aschaffenburg"]
[PlyCount "112"]
[WhiteFideId "12964441"]
[BlackFideId "12964581"]
[EventCountry "GER"]
[EventRounds "7"]
[EventType "team-swiss"]
[EventDate "2012.05.03"]

1. e4 c5 2. Nf3 Nc6 3. Bc4 g6 4. Ng5 e6 5. O-O Qxg5 6. d3 Qf6 7. Nc3 Bg7 8. Be3
b6 9. Qd2 Qe7 10. Bg5 Bf6 11. Bf4 Bb7 12. Rfe1 h6 13. Nb5 Rc8 14. Nd6+ Kf8 15.
Nxb7 e5 16. Be3 Rb8 17. Ba6 Nb4 18. Nxc5 bxc5 19. Bc4 Kg7 20. Qc3 d6 21. a3 Nc6
22. Bd5 Nd4 23. Qc4 Qe8 24. Rac1 Ne7 25. c3 Ne6 26. Bxe6 fxe6 27. Qxe6 Nc8 28.
Qg4 h5 29. Qf3 Qe6 30. d4 exd4 31. cxd4 Rf8 32. Qd1 c4 33. d5 Qd7 34. Rxc4 Rxb2
35. Bd4 Rb8 36. e5 Bxe5 37. Bxe5+ dxe5 38. Rxe5 Rb5 39. Qe1 Rf7 40. Rc1 Nd6 41.
Qd1 Rb2 42. Re2 Rb5 43. Rb1 Rc5 44. Rc1 Rxc1 45. Qxc1 Nb5 46. Re1 Qxd5 47. Rd1
Qe6 48. Re1 Qd6 49. Rd1 Qxa3 50. Qxa3 Nxa3 51. Ra1 Nb5 52. Rb1 a6 53. Ra1 Ra7
54. Rc1 a5 55. Rd1 a4 56. g3 a3 0-1

[Event "DSM WK M 2012"]
[Site "Karlsruhe GER"]
[Date "2012.05.04"]
[Round "1"]
[White "Künstler, Tabea"]
[Black "Ketterer, Beatrice"]
[Result "1-0"]
[Termination "normal"]
[Board "2.3"]
[WhiteElo "1357"]
[BlackElo "785"]
[WhiteTeam "Friedrich-Dessauer-Gymnasium Aschaffenburg"]
[BlackTeam "Goethe-Gymnasium Karlsruhe"]
[PlyCount "67"]
[BlackFideId "12983411"]
[EventCountry "GER"]
[EventRounds "7"]
[EventType "team-swiss"]
[EventDate "2012.05.03"]

1. c4 e5 2. g3 Bc5 3. Bg2 c6 4. Nc3 Nf6 5. Nf3 Qe7 6. d3 d5 7. cxd5 Nxd5 8.
Nxd5 cxd5 9. Qc2 b6 10. a3 O-O 11. O-O Nc6 12. b4 Bd4 13. Ra2 Qd6 14. e3 e4 15.
dxe4 Bf6 16. exd5 Qxd5 17. Rd1 Qe6 18. Ng5 Bxg5 19. Bxc6 Rb8 20. Bg2 Ba6 21.
Bd5 Qh3 22. Bb2 Rbc8 23. Qd2 Rfd8 24. Qd4 Bf6 25. Qd2 Bxb2 26. Rxb2 Bb7 27. e4
Kf8 28. Qf4 f5 29. Rbd2 g6 30. Bxb7 Rxd2 31. Qxd2 Rc7 32. Qd6+ Re7 33. Qf6+ Rf7
34. Rd8# 1-0

[Event "DSM WK M 2012"]
[Site "Karlsruhe GER"]
[Date "2012.05.04"]
[Round "1"]
[White "Kipp, Emma"]
[Black "Fuks, Polina"]
[Result "0-1"]
[Termination "normal"]
[Board "2.4"]
[WhiteElo "800"]
[BlackElo "1231"]
[WhiteTeam "Goethe-Gymnasium Karlsruhe"]
[BlackTeam "Friedrich-Dessauer-Gymnasium Aschaffenburg"]
[PlyCount "46"]
[EventCountry "GER"]
[EventRounds "7"]
[EventType "team-swiss"]
[EventDate "2012.05.03"]

1. e4 e5 2. Nf3 Nc6 3. Nc3 Nf6 4. Bb5 d6 5. d3 Bd7 6. O-O a6 7. Ba4 Be7 8. Bg5
O-O 9. Rc1 b5 10. Bxf6 Bxf6 11. Bb3 Bg4 12. a4 Rb8 13. h3 Bh5 14. Bd5 Nd4 15.
axb5 axb5 16. b3 c6 17. Ne2 Nxf3+ 18. gxf3 cxd5 19. exd5 Bxf3 20. c4 bxc4 21.
dxc4 Bh4 22. Rc3 Qg5+ 23. Kh2 Qg2# 0-1

[Event "DSM WK M 2012"]
[Site "Karlsruhe GER"]
[Date "2012.05.04"]
[Round "1"]
[White "Zelbel, Jacqueline"]
[Black "Mehling, Katharina"]
[Result "1/2-1/2"]
[Termination "normal"]
[Board "3.1"]
[WhiteElo "1255"]
[BlackElo "1714"]
[WhiteTeam "Immanuel-Kant-Gymnasium Dortmund"]
[BlackTeam "Johann-Schöner-Gymnasium Karlstadt"]
[PlyCount "66"]
[BlackFideId "12900362"]
[EventCountry "GER"]
[EventRounds "7"]
[EventType "team-swiss"]
[EventDate "2012.05.03"]

1. e4 e6 2. d4 d5 3. e5 c5 4. c3 Nc6 5. Bb5 Bd7 6. Bxc6 bxc6 7. Nf3 cxd4 8.
cxd4 c5 9. Nc3 cxd4 10. Qxd4 Ne7 11. O-O Nc6 12. Qg4 h6 13. Re1 a6 14. a3 g6
15. Qh4 Qxh4 16. Nxh4 Bg7 17. Nf3 O-O 18. Bf4 Rab8 19. b4 Rb7 20. Rac1 g5 21.
Bg3 Na7 22. Nd4 Nb5 23. Ndxb5 Bxb5 24. Nxb5 axb5 25. f4 Ra8 26. Rc3 Rba7 27.
Ree3 Bf8 28. fxg5 hxg5 29. Bf2 Ra6 30. Red3 Be7 31. h3 Kg7 32. Rg3 Kg6 33. h4
Kh5 1/2-1/2

[Event "DSM WK M 2012"]
[Site "Karlsruhe GER"]
[Date "2012.05.04"]
[Round "1"]
[White "Mehling, Franziska"]
[Black "Hudde, Marnie"]
[Result "1-0"]
[Termination "normal"]
[Board "3.2"]
[WhiteElo "1691"]
[BlackElo "800"]
[WhiteTeam "Johann-Schöner-Gymnasium Karlstadt"]
[BlackTeam "Immanuel-Kant-Gymnasium Dortmund"]
[PlyCount "55"]
[WhiteFideId "12900133"]
[EventCountry "GER"]
[EventRounds "7"]
[EventType "team-swiss"]
[EventDate "2012.05.03"]

1. d4 d5 2. c4 Nf6 3. cxd5 Qxd5 4. Nc3 Qc6 5. e3 a6 6. Nf3 Bg4 7. Be2 Bxf3 8.
Bxf3 Qb6 9. O-O e6 10. a3 Ra7 11. b4 Bd6 12. Bb2 c6 13. Qd3 e5 14. dxe5 Bxe5
15. Rfd1 Nbd7 16. Rac1 Qc7 17. h3 Bxc3 18. Bxc3 O-O 19. Qf5 Qd8 20. Rd2 Qe7 21.
Rcd1 Rd8 22. Bxf6 gxf6 23. Rxd7 Rxd7 24. Rxd7 Qe6 25. Qxe6 fxe6 26. Bxc6 Ra8
27. Bxb7 Ra7 28. Bc6 1-0

[Event "DSM WK M 2012"]
[Site "Karlsruhe GER"]
[Date "2012.05.04"]
[Round "1"]
[White "Zelbel, Chantal"]
[Black "Schneider, Jana"]
[Result "0-1"]
[Termination "normal"]
[Board "3.3"]
[WhiteElo "976"]
[BlackElo "1537"]
[WhiteTeam "Immanuel-Kant-Gymnasium Dortmund"]
[BlackTeam "Johann-Schöner-Gymnasium Karlstadt"]
[PlyCount "48"]
[BlackFideId "12924997"]
[EventCountry "GER"]
[EventRounds "7"]
[EventType "team-swiss"]
[EventDate "2012.05.03"]

1. e4 c5 2. Nf3 d6 3. Bc4 a6 4. Ng5 e6 5. Nf3 b5 6. Be2 Bb7 7. d3 Nc6 8. d4
cxd4 9. Nxd4 Nf6 10. Bf3 Qc7 11. Bg5 Be7 12. Nd2 Nxd4 13. Bh5 Nxh5 14. Bxe7
Qxe7 15. c3 Qg5 16. cxd4 Qxg2 17. Rf1 Nf4 18. Qc2 Rc8 19. Qb3 Qg4 20. f3 Qh4+
21. Rf2 Nh3 22. d5 Qxf2+ 23. Kd1 Qg1+ 24. Ke2 Nf4# 0-1

[Event "DSM WK M 2012"]
[Site "Karlsruhe GER"]
[Date "2012.05.04"]
[Round "1"]
[White "Höfling, Anna"]
[Black "Liberis, Angelina"]
[Result "1-0"]
[Termination "normal"]
[Board "3.4"]
[WhiteElo "800"]
[BlackElo "800"]
[WhiteTeam "Johann-Schöner-Gymnasium Karlstadt"]
[BlackTeam "Immanuel-Kant-Gymnasium Dortmund"]
[PlyCount "65"]
[EventCountry "GER"]
[EventRounds "7"]
[EventType "team-swiss"]
[EventDate "2012.05.03"]

1. e4 e5 2. Nc3 Bc5 3. Nf3 Nc6 4. Bc4 Nf6 5. d3 Ng4 6. d4 exd4 7. Bg5 f6 8. Na4
Bb4+ 9. Bd2 Bc5 10. Nxc5 Nce5 11. Nxe5 Nxe5 12. Bb5 c6 13. Ba4 b5 14. Bb3 d6
15. Nd3 Bg4 16. f3 Bh5 17. Nf4 Bf7 18. O-O Nc4 19. Nd3 d5 20. exd5 cxd5 21.
Re1+ Kf8 22. Bb4+ Nd6 23. Nc5 Nc4 24. Nb7+ Kg8 25. Nxd8 Rxd8 26. a4 Nxb2 27.
Qc1 Nc4 28. axb5 Ne3 29. Rxa7 Bg6 30. c4 dxc4 31. Bxc4+ Nxc4 32. Qxc4+ Bf7 33.
Qxf7# 1-0

[Event "DSM WK M 2012"]
[Site "Karlsruhe GER"]
[Date "2012.05.04"]
[Round "1"]
[White "Krtschil, Anna"]
[Black "Wolff, Marie Antoinette"]
[Result "1/2-1/2"]
[Termination "normal"]
[Board "4.1"]
[WhiteElo "1524"]
[BlackElo "1144"]
[WhiteTeam "Salza Gymnasium Bad Langensalza"]
[BlackTeam "Louise-Henriette-Gymnasium Oranienburg"]
[PlyCount "116"]
[WhiteFideId "4611144"]
[BlackFideId "12908258"]
[EventCountry "GER"]
[EventRounds "7"]
[EventType "team-swiss"]
[EventDate "2012.05.03"]

1. e4 c5 2. Nf3 g6 3. Bc4 Bg7 4. d4 cxd4 5. Nxd4 d6 6. Nc3 Nf6 7. f3 O-O 8. Be3
Bd7 9. Qd2 Nc6 10. Nxc6 Bxc6 11. Bh6 Qb6 12. O-O-O Rac8 13. h4 d5 14. Bxg7 Kxg7
15. Bxd5 Bxd5 16. Nxd5 Qa6 17. Nc3 Qa5 18. g4 Rcd8 19. Qe3 e6 20. h5 b5 21.
hxg6 fxg6 22. Qh6+ Kg8 23. e5 Rxd1+ 24. Rxd1 Nd5 25. Rh1 Rf7 26. Nxd5 exd5 27.
a3 b4 28. Qe3 bxa3 29. bxa3 d4 30. Qb3 Qxe5 31. Rf1 Qe2 32. Qd3 Qe5 33. Qd2 Qc5
34. Qb4 Qxb4 35. axb4 Rb7 36. Re1 Kg7 37. Re4 Rxb4 38. Re7+ Kf6 39. Rxa7 h6 40.
Kd2 Kg5 41. Ra6 h5 42. gxh5 gxh5 43. Rd6 Kf4 44. Rh6 Rb5 45. Kd3 Kxf3 46. Kxd4
Kg4 47. c4 Rg5 48. c5 h4 49. c6 Rg7 50. Kd5 h3 51. Kd6 Kg3 52. c7 Rg8 53. Kd7
h2 54. c8=Q Rxc8 55. Kxc8 Kg2 56. Rg6+ Kf3 57. Rh6 Kg3 58. Rxh2 Kxh2 1/2-1/2

[Event "DSM WK M 2012"]
[Site "Karlsruhe GER"]
[Date "2012.05.04"]
[Round "1"]
[White "Ziegel, Mandy Marie"]
[Black "Halle, Julia"]
[Result "1-0"]
[Termination "normal"]
[Board "4.2"]
[WhiteElo "867"]
[BlackElo "1312"]
[WhiteTeam "Louise-Henriette-Gymnasium Oranienburg"]
[BlackTeam "Salza Gymnasium Bad Langensalza"]
[PlyCount "117"]
[BlackFideId "24694940"]
[EventCountry "GER"]
[EventRounds "7"]
[EventType "team-swiss"]
[EventDate "2012.05.03"]

1. d4 d6 2. c4 g6 3. Nc3 Bg7 4. Nf3 Nf6 5. Bg5 Nbd7 6. e3 c5 7. Be2 O-O 8. O-O
Rb8 9. Rb1 a5 10. Qd2 b6 11. Rfe1 Bb7 12. a4 Be4 13. Rbd1 Qc8 14. h3 cxd4 15.
Nxd4 Ne5 16. b3 Nc6 17. f3 Nxd4 18. exd4 Bf5 19. g4 Bd7 20. Bh6 e5 21. d5 Re8
22. Bd3 Qc5+ 23. Kh2 Bxh6 24. Qxh6 Qf2+ 25. Kh1 Qxf3+ 26. Kg1 e4 27. Re3 Nxg4
28. Rxf3 Nxh6 29. Nxe4 Kg7 30. Nxd6 Re5 31. Ne4 Nf5 32. Bc2 Rbe8 33. Ng3 Nxg3
34. Rxg3 Re2 35. Rc3 R8e5 36. c5 Rg5+ 37. Kf1 Rgg2 38. Bd3 Ref2+ 39. Ke1 Bxh3
40. Bc4 Rh2 41. Rxh3 Rxh3 42. Rd2 Rh1+ 43. Kxf2 Rh2+ 44. Ke3 Rh3+ 45. Ke2 Rh2+
46. Kd1 Rh1+ 47. Kc2 f5 48. cxb6 Re1 49. d6 Re8 50. d7 Rd8 51. b7 f4 52. Bb5 h5
53. Re2 f3 54. Re8 Rxd7 55. Bxd7 f2 56. Bb5 h4 57. b8=Q h3 58. Qe5+ Kh6 59.
Rh8# 1-0

[Event "DSM WK M 2012"]
[Site "Karlsruhe GER"]
[Date "2012.05.04"]
[Round "1"]
[White "Hallek, Sarah"]
[Black "Schirrmeister, Laura"]
[Result "0-1"]
[Termination "normal"]
[Board "4.4"]
[WhiteElo "800"]
[BlackElo "1135"]
[WhiteTeam "Louise-Henriette-Gymnasium Oranienburg"]
[BlackTeam "Salza Gymnasium Bad Langensalza"]
[PlyCount "100"]
[BlackFideId "24694967"]
[EventCountry "GER"]
[EventRounds "7"]
[EventType "team-swiss"]
[EventDate "2012.05.03"]

1. d4 d6 2. e4 g6 3. f3 Bg7 4. c3 Nf6 5. Bg5 Nbd7 6. Bb5 c6 7. Ba4 b5 8. Bb3 a5
9. a4 Ba6 10. axb5 Bxb5 11. Ba4 Qb6 12. Bxb5 Qxb5 13. Na3 Qxb2 14. Ne2 Qb6 15.
Rb1 Qa7 16. Nc4 O-O 17. Qa4 c5 18. Qb5 Rfb8 19. Qa4 Rxb1+ 20. Nc1 Rxc1+ 21.
Bxc1 cxd4 22. cxd4 Qxd4 23. Nb2 Qc3+ 24. Kd1 Nb6 25. Qc2 Qxc2+ 26. Kxc2 Rc8+
27. Kd1 Nfd7 28. Nd3 Nc5 29. Nf4 Bh6 30. Ne2 Bxc1 31. Nxc1 a4 32. Ke2 a3 33.
Na2 d5 34. e5 d4 35. Rb1 d3+ 36. Ke3 Nc4+ 37. Kf4 Rd8 38. Nc3 Rd4+ 39. Kg3 Nxe5
40. f4 Nc4 41. h4 d2 42. Rd1 Rd3+ 43. Kh2 Rxc3 44. g3 a2 45. Kh3 Rc1 46. Rxc1
dxc1=Q 47. Kg4 h5+ 48. Kg5 Ne4+ 49. Kh6 Qc3 50. g4 Qh8# 0-1

[Event "DSM WK M 2012"]
[Site "Karlsruhe GER"]
[Date "2012.05.04"]
[Round "1"]
[White "G., Diana"]
[Black "Heinemann, Josefine"]
[Result "0-1"]
[Termination "normal"]
[Board "5.1"]
[WhiteElo "1026"]
[BlackElo "1850"]
[WhiteTeam "Charlotte-Paulsen-Gymnasium Hamburg"]
[BlackTeam "Werner-von-Siemens-Gymnasium Magdeburg"]
[PlyCount "97"]
[WhiteFideId "12964700"]
[BlackFideId "12900460"]
[EventCountry "GER"]
[EventRounds "7"]
[EventType "team-swiss"]
[EventDate "2012.05.03"]

1. e4 c5 2. Nf3 d6 3. d4 cxd4 4. Nxd4 Nf6 5. Nc3 a6 6. Be3 e6 7. f3 b5 8. g4 h6
9. h4 Bb7 10. Rg1 Nfd7 11. g5 b4 12. Nce2 d5 13. g6 Qxh4+ 14. Bf2 Qf6 15. gxf7+
Kxf7 16. exd5 Bxd5 17. Bg2 Bd6 18. Qd2 Nc5 19. O-O-O Rc8 20. Nxe6 Bxa2 21. Nxc5
Bxc5 22. Bxc5 Rxc5 23. Qxb4 Qe7 24. Qf4+ Kg8 25. Nc3 Bf7 26. Bh3 Kh8 27. Na4
Rc4 28. Qf5 Rxa4 29. Qc8+ Bg8 30. Bf5 Ra1+ 31. Kd2 Qd6+ 32. Ke2 Qh2+ 33. Ke3
Qe5+ 34. Be4 Rxd1 35. Rxd1 Qg5+ 36. Kf2 Qh4+ 37. Ke2 Qh2+ 38. Ke1 Qg1+ 39. Kd2
Qg5+ 40. Ke1 Qg1+ 41. Kd2 Qg5+ 42. Kc3 Qe5+ 43. Kd3 Ra7 44. Ke2 Qb5+ 45. Ke1
Rd7 46. Rxd7 Nxd7 47. Bf5 Qxf5 48. Qxa6 Qe6+ 49. Kd2 0-1

[Event "DSM WK M 2012"]
[Site "Karlsruhe GER"]
[Date "2012.05.04"]
[Round "1"]
[White "Reiter, Nicole"]
[Black "Zander, Carolin"]
[Result "0-1"]
[Termination "normal"]
[Board "5.3"]
[WhiteElo "794"]
[BlackElo "800"]
[WhiteTeam "Charlotte-Paulsen-Gymnasium Hamburg"]
[BlackTeam "Werner-von-Siemens-Gymnasium Magdeburg"]
[PlyCount "112"]
[WhiteFideId "16212126"]
[EventCountry "GER"]
[EventRounds "7"]
[EventType "team-swiss"]
[EventDate "2012.05.03"]

1. e4 e5 2. Nf3 Nc6 3. Bc4 Bc5 4. c3 d6 5. d4 Be6 6. d5 Na5 7. dxe6 Nxc4 8.
exf7+ Kxf7 9. Qb3 d5 10. Qxb7 dxe4 11. Qxe4 Nb6 12. Qxe5 Nd7 13. Ng5+ Kg6 14.
Qe4+ Kh5 15. g4+ Kh4 16. Nf3+ Kh3 17. Bg5 Qxg5 18. Nxg5+ Kh4 19. Nf7 Ngf6 20.
g5+ Nxe4 21. Nxh8 Rxh8 22. Nd2 Nxd2 23. Kxd2 Bxf2 24. Rhf1 Bc5 25. b4 Be7 26.
Rf7 Bxg5+ 27. Kc2 Rd8 28. Rxg7 h5 29. Rd1 Bf4 30. Rgxd7 Rb8 31. Rxc7 Bxc7 32.
Rh1 Kh3 33. a4 Kg2 34. Rd1 Kxh2 35. Kd3 Rd8+ 36. Ke2 Rxd1 37. Kxd1 Kg2 38. c4
h4 39. b5 h3 40. c5 h2 41. Kd2 h1=R 42. a5 Bxa5+ 43. Kd3 Rh4 44. c6 Kf2 45. Kc2
Rd4 46. b6 Bxb6 47. Kc3 Ke3 48. Kc2 Rd3 49. Kc1 Kd4 50. Kc2 Kc4 51. Kb2 Rc3 52.
Ka2 Rb3 53. c7 Bxc7 54. Ka1 Kc3 55. Ka2 Kc2 56. Ka1 Ra3# 0-1

[Event "DSM WK M 2012"]
[Site "Karlsruhe GER"]
[Date "2012.05.04"]
[Round "1"]
[White "Döring, Saskia"]
[Black "Syla, Albetina"]
[Result "0-1"]
[Termination "normal"]
[Board "5.4"]
[WhiteElo "800"]
[BlackElo "800"]
[WhiteTeam "Werner-von-Siemens-Gymnasium Magdeburg"]
[BlackTeam "Charlotte-Paulsen-Gymnasium Hamburg"]
[PlyCount "80"]
[EventCountry "GER"]
[EventRounds "7"]
[EventType "team-swiss"]
[EventDate "2012.05.03"]

1. e4 e5 2. Nf3 Nc6 3. Bc4 Bc5 4. c3 d6 5. d3 Bg4 6. Nbd2 Nge7 7. Bb3 d5 8. h3
Be6 9. O-O Qd7 10. Bc2 d4 11. Re1 dxc3 12. bxc3 Ng6 13. Bb2 Nf4 14. Nf1 Nxg2
15. Re2 Bxh3 16. N3h2 Qe6 17. d4 exd4 18. cxd4 Qg6 19. f3 Ne3+ 20. Kh1 Nxd1 21.
Rxd1 Bd6 22. Ne3 Bxh2 23. Rxh2 Qg3 24. e5 Qxf3+ 25. Kg1 Qxe3+ 26. Kh1 Nb4 27.
Ba4+ c6 28. a3 Nd3 29. Bc1 Nxc1 30. Bc2 Qf3+ 31. Kg1 Ne2+ 32. Rxe2 Qxe2 33. Be4
Qxe4 34. Kf2 Qh4+ 35. Ke3 Rd8 36. a4 c5 37. d5 Bf5 38. Rf1 Qe4+ 39. Kd2 Rxd5+
40. Kc3 Qb4# 0-1

[Event "DSM WK M 2012"]
[Site "Karlsruhe GER"]
[Date "2012.05.04"]
[Round "1"]
[White "Lagunow, Elina"]
[Black "König, Isabel"]
[Result "1-0"]
[Termination "normal"]
[Board "6.1"]
[WhiteElo "1684"]
[BlackElo "1099"]
[WhiteTeam "Heinrich-Schliemann-Gymnasium Berlin"]
[BlackTeam "Gymnasium Altenholz"]
[PlyCount "63"]
[WhiteFideId "4673387"]
[BlackFideId "16210000"]
[EventCountry "GER"]
[EventRounds "7"]
[EventType "team-swiss"]
[EventDate "2012.05.03"]

1. e4 c5 2. c3 e6 3. d4 cxd4 4. cxd4 d6 5. Nf3 Nf6 6. Bd3 Nbd7 7. O-O Be7 8.
Nc3 O-O 9. a3 a6 10. b4 b5 11. a4 Bb7 12. Qe2 bxa4 13. Rxa4 Qc8 14. Bd2 Re8 15.
Rc1 Bd8 16. Nd5 Qb8 17. Nxf6+ Bxf6 18. Bxa6 Nb6 19. Ra5 Rc8 20. Bxb7 Rxc1+ 21.
Bxc1 Qxb7 22. Qb5 Qb8 23. Rxa8 Qxa8 24. Qxb6 h6 25. e5 Qa1 26. Qc7 dxe5 27.
dxe5 Bg5 28. Nxg5 hxg5 29. b5 Qb1 30. b6 Kh7 31. b7 Kg6 32. b8=Q 1-0

[Event "DSM WK M 2012"]
[Site "Karlsruhe GER"]
[Date "2012.05.04"]
[Round "1"]
[White "Caliebe, Nanke"]
[Black "Greßmann, Hanna"]
[Result "0-1"]
[Termination "normal"]
[Board "6.2"]
[WhiteElo "867"]
[BlackElo "1490"]
[WhiteTeam "Gymnasium Altenholz"]
[BlackTeam "Heinrich-Schliemann-Gymnasium Berlin"]
[PlyCount "82"]
[WhiteFideId "12980528"]
[BlackFideId "12930709"]
[EventCountry "GER"]
[EventRounds "7"]
[EventType "team-swiss"]
[EventDate "2012.05.03"]

1. d4 d5 2. c4 c6 3. Nc3 dxc4 4. e4 b5 5. Nf3 Nf6 6. a3 Bg4 7. Be2 g6 8. Bg5
Bg7 9. O-O O-O 10. Re1 Nh5 11. Be3 Nf6 12. d5 cxd5 13. exd5 a6 14. Bg5 h6 15.
Bxf6 Bxf6 16. h3 Bxc3 17. bxc3 Bf5 18. Nh4 Bc8 19. Bf3 Ra7 20. Qd4 Rd7 21. Red1
e6 22. g3 exd5 23. Bxd5 Bb7 24. Bxb7 Rxd4 25. Rxd4 Qc7 26. Be4 Qa5 27. Rd6 Qxc3
28. Rdd1 Re8 29. Bb7 Qf6 30. Nf3 Kh7 31. Kg2 Re7 32. Bc8 Rc7 33. Bxa6 Nxa6 34.
Nd4 Rc5 35. Rab1 Nc7 36. Rb4 Rd5 37. a4 Rxd4 38. Rxd4 Qxd4 39. axb5 Nxb5 40.
Rxb5 c3 41. Rb7 Qd5+ 0-1

[Event "DSM WK M 2012"]
[Site "Karlsruhe GER"]
[Date "2012.05.04"]
[Round "1"]
[White "Piyamit, Sophia"]
[Black "Caliebe, Frauke"]
[Result "0-1"]
[Termination "normal"]
[Board "6.3"]
[WhiteElo "800"]
[BlackElo "944"]
[WhiteTeam "Heinrich-Schliemann-Gymnasium Berlin"]
[BlackTeam "Gymnasium Altenholz"]
[PlyCount "56"]
[EventCountry "GER"]
[EventRounds "7"]
[EventType "team-swiss"]
[EventDate "2012.05.03"]

1. Nf3 c5 2. g3 e6 3. Bg2 d6 4. c3 Nf6 5. d3 Be7 6. Bd2 O-O 7. O-O Nbd7 8. c4
a6 9. Nc3 Rb8 10. a3 b5 11. b3 d5 12. e4 bxc4 13. bxc4 dxc4 14. dxc4 Bb7 15. e5
Ne4 16. Be1 Nxc3 17. Qd3 Ne4 18. a4 Ng5 19. Nd2 Bxg2 20. Kxg2 Nxe5 21. Qc3 Nd3
22. Nb3 Nxe1+ 23. Kh1 Bf6 24. Qc2 Nxc2 25. Rac1 Rxb3 26. Rxc2 Qd3 27. Rcc1 Qf3+
28. Kg1 Nh3# 0-1